000 00413nam a2200157Ia 4500
003 LK-CoDNM
005 20240805101341.0
008 010623t1913 xxu||||| |||| 00| 1 eng d
040 _aLK-CoDNM
_dLK-CoDNM
_eLK-CoDNM
041 _aeng
080 _a16
_bF7
245 _aThe Jaatakas : Stories of the Buddha's former Births
260 _bCambridge University Press
_c1913
300 _b63p. ; 26 cm
942 _cBK
999 _c87748
_d87748